Katihan / (Record no. 1469)
[ view plain ]
| 000 -LEADER | |
|---|---|
| fixed length control field | 00828cam a22002777a 4500 |
| 001 - CONTROL NUMBER | |
| control field | 14598900 |
| 003 - CONTROL NUMBER IDENTIFIER | |
| control field | OSt |
| 005 - DATE AND TIME OF LATEST TRANSACTION | |
| control field | 20140310181709.0 |
| 008 - FIXED-LENGTH DATA ELEMENTS--GENERAL INFORMATION | |
| fixed length control field | 061018s2002 ph 000 1 tgl d |
| 010 ## - LIBRARY OF CONGRESS CONTROL NUMBER | |
| LC control number | 2004420743 |
| 020 ## - INTERNATIONAL STANDARD BOOK NUMBER | |
| International Standard Book Number | 9715554164 |
| 035 ## - SYSTEM CONTROL NUMBER | |
| System control number | (CStRLIN)MIUG03-B516 |
| 040 ## - CATALOGING SOURCE | |
| Original cataloging agency | MiU |
| Transcribing agency | MiU |
| Modifying agency | DLC |
| 042 ## - AUTHENTICATION CODE | |
| Authentication code | lccopycat |
| -- | lcode |
| 050 00 - LIBRARY OF CONGRESS CALL NUMBER | |
| Classification number | PL 6058.9 |
| Item number | .Ag48K35 1911 |
| 082 ## - DEWEY DECIMAL CLASSIFICATION NUMBER | |
| Classification number | FIL 899.2113 |
| Item number | Ag9 2002 |
| 100 1# - MAIN ENTRY--PERSONAL NAME | |
| Personal name | Aguilar, Faustino S., |
| Dates associated with a name | 1882-1955. |
| 245 10 - TITLE STATEMENT | |
| Title | Katihan / |
| Statement of responsibility, etc | Faustino Aguilar. |
| 260 ## - PUBLICATION, DISTRIBUTION, ETC. (IMPRINT) | |
| Place of publication, distribution, etc | Malate, Maynila, Pilipinas : |
| Name of publisher, distributor, etc | De La Salle University Press, |
| Date of publication, distribution, etc | 1911. |
| 300 ## - PHYSICAL DESCRIPTION | |
| Extent | xvi, 115 p. : |
| Dimensions | 18 cm. |
| 650 #0 - SUBJECT ADDED ENTRY--TOPICAL TERM | |
| Topical term or geographic name as entry element | Tagalog fiction. |
| 906 ## - LOCAL DATA ELEMENT F, LDF (RLIN) | |
| a | 7 |
| b | cbc |
| c | copycat |
| d | 4 |
| e | ncip |
| f | 20 |
| g | y-gencatlg |
| 942 ## - ADDED ENTRY ELEMENTS (KOHA) | |
| Source of classification or shelving scheme | Library of Congress Classification |
| Koha item type | Books |
| Withdrawn status | Lost status | Source of classification or shelving scheme | Damaged status | Home library | Current library | Shelving location | Date acquired | Total Checkouts | Full call number | Barcode | Date last seen | Copy number | Price effective from | Koha item type |
|---|---|---|---|---|---|---|---|---|---|---|---|---|---|---|
| Library of Congress Classification | Luxembourg Library | Luxembourg Library | Filipiniana Section | 12/06/2012 | PL 6058.9 .Ag48K35 1911 | 13407 | 08/13/2013 | 1 | 10/03/2013 | Books |